| Tag |
First Indicator |
Second Indicator |
Subfields |
| LEADER |
00000cam a2200000Ia 4500 |
| 001 |
in00002008021 |
| 005 |
20220105141609.0 |
| 006 |
m d |
| 007 |
cr cnu---unuuu |
| 008 |
040105s2003 dcu sb 100 0 eng d |
| 020 |
|
|
|a 0309526426 (electronic bk.)
|
| 035 |
|
|
|a (OCoLC)ocm53978519
|
| 040 |
|
|
|a N$T
|c N$T
|d OCLCQ
|d UtOrBLW
|
| 049 |
|
|
|a IKMN
|
| 050 |
1 |
4 |
|a RA1063.4
|b .M43 2003eb
|
| 082 |
0 |
4 |
|a 614.1
|2 22
|
| 245 |
0 |
0 |
|a Medicolegal death investigation system :
|b workshop summary /
|c Committee for the Workshop on the Medicolegal Death Investigation System, Board on Health Promotion and Disease Prevention.
|
| 264 |
|
1 |
|a Washington, D.C. :
|b National Academies Press,
|c [2003]
|
| 264 |
|
4 |
|c ©2003
|
| 336 |
|
|
|a text
|b txt
|2 rdacontent
|
| 337 |
|
|
|a computer
|b c
|2 rdamedia
|
| 338 |
|
|
|a online resource
|b cr
|2 rdacarrier
|
| 538 |
|
|
|a Mode of access: World Wide Web.
|
| 506 |
|
|
|a Made available through NetLibrary; access may be limited to NetLibrary affiliated libraries.
|
| 500 |
|
|
|a Title from ebook title screen (viewed Jan. 5, 2004).
|
| 500 |
|
|
|a Workshop organised by the National Institute of Medicine.
|
| 504 |
|
|
|a Includes bibliographical references.
|
| 500 |
|
|
|a Electronic resource.
|
| 650 |
|
0 |
|a Death
|x Causes
|v Congresses.
|
| 650 |
|
0 |
|a Forensic sciences
|v Congresses.
|
| 650 |
|
0 |
|a Medical jurisprudence
|v Congresses.
|0 http://id.loc.gov/authorities/subjects/sh2010101259
|
| 655 |
|
7 |
|a Electronic books.
|2 local
|
| 710 |
2 |
|
|a Institute of Medicine (U.S.).
|b Committee for the Workshop on Medicolegal Death Investigation System.
|
| 710 |
2 |
|
|a NetLibrary, Inc.
|0 http://id.loc.gov/authorities/names/no99080690
|
| 856 |
4 |
1 |
|u https://proxy.library.tamu.edu/login?url=http://www.netLibrary.com/urlapi.asp?action=summary&v=1&bookid=101925
|z Connect to the full text of this electronic book
|t 0
|
| 994 |
|
|
|a 92
|b IKM
|
| 999 |
|
|
|a MARS
|
| 999 |
f |
f |
|s bd128a54-33f1-3dd5-8845-290f0de0e58b
|i b6d6ab44-b8d7-330f-9360-c7d2de780686
|t 0
|
| 952 |
f |
f |
|a Texas A&M University
|b College Station
|c Electronic Resources
|d Available Online
|t 0
|e RA1063.4 .M43 2003eb
|h Library of Congress classification
|
| 998 |
f |
f |
|a RA1063.4 .M43 2003eb
|t 0
|l Available Online
|